| 000 | 01554cam a2200445 b4500 | ||
|---|---|---|---|
| 999 |
_c23587 _d23587 |
||
| 001 | vtls011920670 | ||
| 005 | 20240710080113.0 | ||
| 008 | 210906s2020 xo grb 010 faslo | ||
| 020 |
_a9788055172637 _q(viazané) |
||
| 035 | _aurn:nbn:sk:snk-am00fhgs | ||
| 035 | _aurn:nbn:sk:snk-am3iuph | ||
| 035 | _aD11B235D-8B07-438C-BA06-D255E34F3731 | ||
| 040 |
_aSVKBB _bslo _cSVKBB _dSNK _erda |
||
| 041 | 1 |
_aslo _heng |
|
| 044 |
_axo _cSK |
||
| 072 | 7 |
_a821.111-3 _xAnglická próza, anglicky písaná _2konspekt |
|
| 072 | 7 |
_a929 _xBiografie _2konspekt |
|
| 080 |
_a821.111(415)-31 _22011 |
||
| 080 |
_a(0:82-312.6) _22011 |
||
| 100 | 1 |
_aByrne, Lorna, _d1953- _4aut _93936 |
|
| 240 | 1 | 0 |
_aAngels at my fingertips _lSlovensky |
| 245 | 1 | 0 |
_aAnjeli na dosah _cLorna Byrneová ; preložila Zorka Ličková |
| 250 | _aDruhé vydanie | ||
| 264 | 1 |
_aBratislava _bIkar _c2020 |
|
| 300 |
_a340 strán _c21 cm |
||
| 336 |
_atext _btxt _2rdacontent |
||
| 337 |
_abez média _bn _2rdamedia |
||
| 338 |
_azväzok _bnc _2rdacarrier |
||
| 500 | _aPreložené z angličtiny | ||
| 500 | _aObsahuje stručné biografické údaje o autorke na zadnej strane obalu publikácie | ||
| 655 | 7 |
_aautobiografické romány _2SNKPH _91743 |
|
| 655 | 7 |
_aIrish fiction (English) _2SNKPHeng _92551 |
|
| 655 | 7 |
_aAutobiographical novels _2SNKPHeng _91744 |
|
| 655 | 7 |
_aírske romány (anglicky) _2SNKPH _92550 |
|
| 700 | 1 |
_aLičková, Zora, _d1959- _4trl _93336 |
|
| 700 | 1 |
_aByrne, Lorna, _d1953- _tAnjeli v mojich vlasoch _93937 |
|
| 958 | _aLX | ||
| 958 | _aUP | ||
| 958 | _aBC | ||